Aufgabensammlung zur Funktionentheorie

Saved in:
Bibliographic Details
Main Author: Knopp, Konrad, 1882-1957
Format: Book
Language:German
Published: Berlin : W. de Gruyter & Co., 1949
Edition:4η έκδ.
Series:Sammlung Goschen ; 877
Subjects:
Tags: Add Tag
No Tags, Be the first to tag this record!

MARC

LEADER 00000cam a2200000 a 4500
001 1/107364
008 150713s1949####gw | ||| |||| ||ger||
040 |a GR-MyUa  |b gre  |c GR-MyUa  |e AACR2 
041 1 |a ger 
082 7 |a 515   |2 (23) 
100 1 |a Knopp, Konrad,   |d 1882-1957. 
245 1 0 |a Aufgabensammlung zur Funktionentheorie /   |c von Konrad Knopp. 
250 |a 4η έκδ.  
260 |a Berlin :   |b W. de Gruyter & Co.,   |c 1949 
300 |a 135 σ. ;   |c 16 εκ.  
490 1 |a Sammlung Goschen   |v  ; 877 
505 8 |a τ.1. Aufgaben zur elementaren Funktionentheorie. 
650 0 |a Functions. 
740 0 |a Aufgaben zur elementaren Funktionentheorie 
830 0 |a Sammlung Goschen ;  |v  877 
852 |a INST  |b SAMOS  |c MAG  |e 20150713  |h 515 KNO  |p 005300034609  |q 005300034609  |t BK  |y 0 
852 |a INST  |b SAMOS  |c MAG  |e 20150713  |h 515 KNO  |p 005300034617  |q 005300034617  |t BK  |y 0 
970 |a Σιτζίμη  |b Γιασεμή  |z 13/07/2015